Statistics for Five Poem English Poetry Anthology Quiz

Click here to take the quiz!

General Stats

  • This quiz has been taken 55 times
  • The average score is 7 of 24

Answer Stats

PoemQuestionAnswer% Correct
LondonWho wrote the poem?William Blake
76%
LondonWhat religious institution does Blake criticise?Church
69%
The PreludeWhat type of poet was he?Romantic
63%
To AutumnWho wrote the poem?John Keats
61%
To AutumnWhat type of poem is this?Ode
53%
The PreludeWho wrote the poem?William Wordsworth
51%
ValentineWho wrote the Poem?Carol Ann Duffy
45%
Living SpaceDoes the poet have an optimistic outlook or a pessimistic one?Optimistic
43%
To AutumnWhat imminent happening could have influenced his poem as he wrote it?His death
35%
ValentineWhat theme does the poem explore?Love
35%
To AutumnFinish the quote: "season of mists and mellow ____________"Fruitfulness
33%
LondonFinish the quote: "Runs in blood down the ______ walls"Palace
24%
Death of a NaturalistWho wrote the poem?Seamus Heaney
16%
LondonWhat iambic meter the poem written in?Tetrameter
14%
ValentineWhat unconventional item does the poet use as a metaphor?Onion
10%
ValentineWhat "R" can be used to describe Duffy and her poem?Realistic
8%
Death of a NaturalistWhat feeling does the poet feel towards the frogs when he grows up?Disgust
6%
Death of a NaturalistFinish the quote: "poised like mud _______"Grenades
6%
Death of a NaturalistWhat "V" is the turning point of a poem?Volta
4%
Living SpaceFinish the quote: "bright thin walls of _____"Faith
2%
The PreludeWhat activity is he doing with his friends in this poem?Ice Skating
2%
Living SpaceWho wrote the poem?Imtiaz Dharker
2%
The PreludeFinish the quote: "a time of _______: clear and loud”–Rapture
2%
Living SpaceWhat type of settlement does the poem describe?Slum
0%

Score Distribution

Percentile by Number Answered

Percent of People with Each Score

Your Score History

You have not taken this quiz